000 00237nam a22000857a 4500
008 160912b xxu||||| |||| 00| 0 eng d
100 _9409
_aEducational Development
245 _aBig book of Experiment
260 _aUSA
_bOklahan publication
_c1996
999 _c3067
_d3067